| 000 | 00693nam a2200289Ia 4500 | ||
|---|---|---|---|
| 005 | 20260324121918.0 | ||
| 008 | 008 260324s9999 xx 000 0 eng d | ||
| 020 | _a9781315432052 | ||
| 037 | _aEBOOK | ||
| 040 | _aCRL | ||
| 040 | _beng | ||
| 040 | _cCRL | ||
| 041 | _2eng | ||
| 041 | _aeng | ||
| 084 | _qCRL | ||
| 100 |
_aChristine Davis _91164365 |
||
| 245 | 0 | _aCommunicating Hope | |
| 245 | 3 | _bAn Ethnography of a Children's Mental Health Care Team | |
| 260 | _bTaylor and Francis | ||
| 260 | _c2013 | ||
| 365 | _a | ||
| 365 | _b230 | ||
| 856 | _uhttp://www.taylorfrancis.com/books/9781315432052 | ||
| 942 | _cEBOOK | ||
| 999 |
_c1756756 _d1756756 |
||